| 000 | 01844nam a2200241Ia 4500 | ||
|---|---|---|---|
| 999 |
_c51939 _d51939 |
||
| 001 | 18939 | ||
| 003 | GE_BSU | ||
| 005 | 20210423183920.0 | ||
| 008 | 181216s2013||||ge |||||||||||||| ||geo|| | ||
| 040 | _cGE_BSU | ||
| 041 | _ageo | ||
| 080 | _a63 ძ-59 | ||
| 100 |
_aძირკვაძე, არჩილ _911601 |
||
| 245 |
_aაჭარისა და ართვინის ვილაიეთის ტყის შემქმნელი ძირითად ფორმაციებში ბუნებრივი განახლებისა და აღმონაცენ - მოზარდის ფორმირების თავისებურებანი / _cარჩილ ძირკვაძე; სამეცნიერო ხელმძღვანელი ა. შაინიძე, ო. ემინადაოღლუ; ბათუმის შოთა რუსთაველის სახ-ფო უნ-ტი. |
||
| 264 |
_aბათუმი, _c2013. |
||
| 300 |
_a150 გვ.; _b30 სმ. |
||
| 653 | _aაჭარისა და ართვინის ვილაიეთის ტყის შემქმნელი ძირითად ფორმაციებში ბუნებრივი განახლებისა და აღმონაცენ - მოზარდის ფორმირების თავისებურებანი | ||
| 653 | _aდისერტაცია | ||
| 653 | _aსოფლის მეურნეობა | ||
| 700 |
_aშაინიძე, ა. _eსამეცნიერო ხელმძღვანელი _911602 |
||
| 700 |
_aემინადაოღლუ, ო. _eსამეცნიერო ხელმძღვანელი _911603 |
||
| 942 |
_cBK _2udc |
||